• 首页
  • 本馆介绍
  • 公告通知
  • 最新文献
  • 馆藏检索
  • 电子资源
  • 读者导购
  • 参考咨询
  • 我的图书馆
  • 登录
  • 详细信息显示
  • 放入我的书架
  • 预约/预借图书
  • 作者相关作品
  • 分类相关作品
  • 丛书相关作品
  • 出版社相关作品

书目信息

  • 表格格式
  • 工作单格式
  • 卡片格式
题名:
药物泡腾剂技术
    
 
作者: 赵存梅 , 朱世斌 主编
分册:  
出版信息: 北京   化学工业出版社  2007
页数: 180页
开本: 26cm
丛书名: 实用制药新技术丛书
单 册:
中图分类: TQ460.6
科图分类:
主题词: 泡腾片--制备 , 泡腾片 , 制备
电子资源:
ISBN: 978-7-5025-9407-7
000 00998oam2 2200289 450
001 012007399678
005 20070522170907.26
010    @a978-7-5025-9407-7@dCNY30.00
100    @a20070515d2007 km y0chiy0120 ea
101 0  @achi
102    @aCN@b110000
105    @ay z 000yy
106    @ar
200 1  @a药物泡腾剂技术@Ayao wu pao teng ji ji shu@f赵存梅,朱世斌主编@Fzhao cun mei,zhu shi bin zhu bian
210    @a北京@c化学工业出版社@d2007
215    @a180页@d26cm
225 2  @a实用制药新技术丛书
330    @a本书在系统总结长期从事药物泡腾剂研究和生产的实践经验基础上,以泡腾片剂为重点,详尽论述了药物泡腾剂的处方设计、工艺布局、生产方法、质量控制、设施设备、各种辅料的选择以及生产中常见问题的解决办法等。
461  0 @12001 @a实用制药新技术丛书
606 0  @a泡腾片@x制备
606 0  @a泡腾片
606 0  @a制备
690    @aTQ460.6@v4
701  0 @a赵存梅@Azhao cun mei@4主编
701  0 @a朱世斌@Azhu shi bin@4主编
801  0 @aCN@bRULIN@c20070522
905    @dTQ460.6@e27@s8
    
    药物泡腾剂技术/赵存梅,朱世斌主编.-北京:化学工业出版社,2007
    180页;26cm.-(实用制药新技术丛书)
    
    
    ISBN 978-7-5025-9407-7:CNY30.00
    本书在系统总结长期从事药物泡腾剂研究和生产的实践经验基础上,以泡腾片剂为重点,详尽论述了药物泡腾剂的处方设计、工艺布局、生产方法、质量控制、设施设备、各种辅料的选择以及生产中常见问题的解决办法等。
●
相关链接 在E读中查询图书 在五车中查询图书 在当当中查询图书 在豆瓣中查询图书


正题名:药物泡腾剂技术     索取号:TQ460.6/27         预约/预借

序号 登录号 条形码 馆藏地/架位号 状态 备注
1 0573865   205738656   第二样本阅览室/ [索取号:TQ460.6/27] 在馆    
2 0573866   205738665   第三借阅区/ [索取号:TQ460.6/27] 在馆    
3 0573867   205738674   第三借阅区/ [索取号:TQ460.6/27] 在馆    
4 0573868   205738683   密集书库/ [索取号:TQ460.6/27] 在馆    
5 0573869   205738692   第三借阅区/ [索取号:TQ460.6/27] 在馆    
6 0573870   205738709   密集书库/ [索取号:TQ460.6/27] 在馆    
7 0573871   205738718   密集书库/ [索取号:TQ460.6/27] 在馆    
8 0573872   205738727   第三借阅区/ [索取号:TQ460.6/27] 在馆    
唐山师范学院图书馆 欢迎您!
大连网信软件有限公司© 版权所有